000 00878nam0a22002411 4500
001 rc\626886
005 20031121164257.1
035 _a(NLR Aleph) 005869397
090 _a5962675
_c5962675
100 _a20031121d1986 u |0rusy50 ca
101 0 _arus
102 _aRU
105 _ay |||||||||
200 1 _aИстория КПСС
_eМетод. разраб. по курсу истории КПСС (1926 г. - июнь 1941 г.)
_fАкад. МВД СССР. Четвертый фак.
_g[Подгот. к. ист. н., доц. Г.П. Башков и др.]
210 _aМ.
_cНИ и РИО
_d1986
215 _a84 с.
_d21
702 1 _aБашков
_bГ. П.
_4570
712 0 2 _aАкадемия МВД СССР
_bФакультет (4)
_3RU\NLR\AUTH\8811395
801 0 _aRU
_bNLR
_gpsbo
801 1 _aRU
_bELAR
_2rusmarc
852 _aNLR
_j87-6/3538
942 _cBOOK
980 _aNB